Дело об аресте и содержании в Петропавловской крепости поляка Почентовского (он же Краснороссиянин), подавшего царю проект о при...

Доступно только в Электронных читальных залах Найти на картеНа карте
RUSMARC
00004042nmc2a22002773x 450
0015519e63c-541e-4bda-bf23-5304ba8a0138
00520200629195054.0
100##$a20200203l18051806k l0rusy0189 ca
1010#$arus
102##$aRU
105##$ay###
1222#$ad
2001#$aДело об аресте и содержании в Петропавловской крепости поляка Почентовского (он же Краснороссиянин), подавшего царю проект о присоединении Пруссии к России
$j28 июля 1805 г. - 19 октября 1806 г.
215##$a72 л.
$d36,5х26 см
251##$cДело
300##$aНа бланке обложки указано: "Архив третьего отделения Собственной его императорского величества канцелярии"
300##$aОриг. заголовок дела: Дело о тайне, известной поляку Почетковскому. 28 июля 1805 г. - 19 октября 1806 г
371##$aДокумент не является опубликованным и широко распространяемым
461#0$1001RuPRLIB520125048
$12001
$aДепартамент полиции исполнительной МВД (1811-1880)
$1251
$cФонд
$1852
$j1286
462#0$10010e2ac4d2-7339-467d-bb7f-051c6ad9e141
$12001
$a1802-1811 гг.
$1251
$cОпись
$1852
$j54
5171#$aДело о тайне, известной поляку Почетковскому. 28 июля 1805 г. - 19 октября 1806 г
801#0$aRU
$bРГИА
$c20200203
$gRCR
801#1$aRU
$bГлавНИВЦ
$c20200203
$2rusmarc
801#2$aRU
$bПБ им. Б.Н. Ельцина
$c20200629
$gRCR
$2rusmarc
850##$aРГИА
852##$aРГИА
$eФедеральное казенное учреждение "Российский государственный исторический архив" (РГИА)
$j28
937##$hРГИА
$d12338160
$aASBIBLIO_SCAN
035##$aRuPRLIB12147705
856##$uhttp://readingroom.main.prlib.ru/item.aspx?id_node=n145903948&mode=full
Формат отображения